|
|
|
|
| LEADER |
00000nam a2200000 i 4500 |
| 001 |
DIGAUHUM0026 |
| 003 |
NyNyDIG |
| 007 |
cr ||||||||||| |
| 008 |
250501s2024 ck o 000 p spa d |
| 006 |
m o d |
| 035 |
|
|
|a (OCoLC)1519505155
|
| 040 |
|
|
|a DGITA
|b eng
|e rda
|e pn
|c DGITA
|
| 020 |
|
|
|a 9786287700796
|q (versión digital)
|
| 020 |
|
|
|z 9786287700789
|q (versión impresa)
|
| 050 |
1 |
4 |
|a PQ8180.422.O5783 ebook
|
| 100 |
1 |
|
|a López Contreras, Maythe,
|e author.
|
| 245 |
1 |
0 |
|a Mi alma al desnudo :
|b la resiliencia de una musa enamorada en el conflicto colombiano /
|c Maythe López Contreras.
|
| 250 |
|
|
|a Primera edición.
|
| 264 |
|
1 |
|a Bogotá :
|b Editorial Aula de Humanidades,
|c 2024.
|
| 300 |
|
|
|a 1 online resource.
|
| 336 |
|
|
|a text
|b txt
|2 rdacontent
|
| 337 |
|
|
|a computer
|b c
|2 rdamedia
|
| 338 |
|
|
|a online resource
|b cr
|2 rdacarrier
|
| 347 |
|
|
|a text file
|2 rdaft
|
| 347 |
|
|
|b PDF
|
| 490 |
1 |
|
|a Colección: Literatura. Serie: Poesía
|
| 588 |
0 |
|
|a Online resource; title from PDF title page (Digitalia, viewed May 1, 2025)
|
| 655 |
|
7 |
|a Poetry.
|2 lcgft
|
| 791 |
2 |
|
|a Digitalia (Firm),
|e distributor.
|
| 793 |
0 |
|
|g Digitalia eBook Collection:
|a Editorial Aula de Humanidades
|
| 776 |
0 |
8 |
|i Print version:
|a López Contreras, Maythe.
|t Mi alma al desnudo.
|b Primera edición.
|d Bogotá : Editorial Aula de Humanidades, [2024]
|z 9786287700789
|
| 830 |
|
0 |
|a Colección Literatura (Editorial Aula de Humanidades).
|p Serie Poesía.
|
| 856 |
4 |
0 |
|3 Digitalia Hispánica
|u https://www.digitaliapublishing.com/a/170614/
|
| 910 |
|
|
|a Premium collection: 2025
|